000 00555nam a2200181Ia 4500
999 _c36923
_d36923
003 OSt
005 20210127113415.0
008 190216s9999||||xx |||||||||||||| ||und||
020 _a9788131700303
040 _coclc
082 _a153.94
_bTRI/Q
100 _aTrishna
_98454
245 0 _aQuantitative Aptitude For CAT And Other MBA Entrance Examinations /
_cTrishna
260 _bPearson Education International,
_c2008.
_aNew Delhi:
300 _a773p
650 _aReferences
942 _cREF
_2ddc
_h153.94
_iTRI/Q
_k153.94
_mTRI/Q